| 000 | 00864nam0a22002291 4500 | ||
|---|---|---|---|
| 001 | rc\2416 | ||
| 005 | 20250620111149.0 | ||
| 035 | _a(NLR Aleph) 005292890 | ||
| 090 |
_a6208726 _c6208726 |
||
| 100 | _a20021204d1993 |||y0rusy50 ca | ||
| 101 | 0 | _arus | |
| 102 | _aRU | ||
| 105 | _aa ||||||||| | ||
| 200 | 1 |
_aЗадачи и упражнения по дискретной математике _eМетод. указания _fМ-во науки, высш. шк. и техн. политики России. Ом. политехн. ин-т _g[Сост. Червенчук В.Д., к. т. н., доц., Можан Н.Н., к. ф.-м. н.] |
|
| 210 |
_aОмск _cОмПИ _d1993 |
||
| 215 |
_a43 с. _cил. _d20 |
||
| 320 | _aБиблиогр.: с. 43 | ||
| 801 | 0 |
_aRU _bNLR _gpsbo |
|
| 801 | 1 |
_aRU _bELAR _2rusmarc |
|
| 852 |
_aNLR _j95-4/11262 |
||
| 942 | _cBOOK | ||
| 980 | _aNB | ||